Electronic devices and circuits (Record no. 188186)

MARC details
000 -LEADER
fixed length control field 00477nam a2200169Ia 4500
005 - DATE AND TIME OF LATEST TRANSACTION
control field 20250328092131.0
008 - FIXED-LENGTH DATA ELEMENTS--GENERAL INFORMATION
fixed length control field 231217s9999 xx 000 0 und d
020 ## - INTERNATIONAL STANDARD BOOK NUMBER
International Standard Book Number 9788177588873
082 ## - DEWEY DECIMAL CLASSIFICATION NUMBER
Classification number 621.38153 BOG;1 R
100 ## - MAIN ENTRY--PERSONAL NAME
Personal name Bogart, Theodore F. Bearly, Jeffrey S. Rico, Guillermo.
245 #0 - TITLE STATEMENT
Title Electronic devices and circuits
250 ## - EDITION STATEMENT
Edition statement 6th ed.
260 ## - PUBLICATION, DISTRIBUTION, ETC. (IMPRINT)
Date of publication, distribution, etc. 2004
Name of publisher, distributor, etc. Dorling Kindersley
Place of publication, distribution, etc. New Delhi
300 ## - PHYSICAL DESCRIPTION
Extent Xi, 877
650 ## - SUBJECT ADDED ENTRY--TOPICAL TERM
Topical term or geographic name as entry element devices,circuits
942 ## - ADDED ENTRY ELEMENTS (KOHA)
Koha item type Books
Holdings
Date last seen Total Checkouts Full call number Accession number Old discount Uniform Resource Identifier Cost, replacement price Price effective from Category Lost status Damaged status Department Withdrawn status bill no. bill date Permanent Location Current Location Shelving location Entry date Vendor Cost, normal purchase price Grants Currency symbol Conversion rate Discount Discount type
26/01/2024   621.38153 BOG;1 R 70201 25 digital/contents/70201.pdf 468.75 26/01/2024 Books     Central Library   2010/CR/0001684 25/02/2014 Central Library Central Library Central Library 28/08/2010 Allied publ. 625.00 EC RS 1 156.25 Rupees

© For any Suggestions or Query, please contact the library staff @ librarian@pes.edu or Phone: +9180 2672 1983/ 2108.